Dynamika slovnej zásoby súčasnej slovenčiny

Gespeichert in:
Bibliographische Detailangaben
1. Verfasser: Horecký, Ján
Weitere Verfasser: Buzássyová, Klára, Bosák, Ján
Format: Buch
Sprache:Slowakisch
Veröffentlicht: Bratislava Veda 1989
Ausgabe:1. vyd.
Schlagworte:
Tags: Tag hinzufügen
Keine Tags, Fügen Sie das erste Tag hinzu!

MARC

LEADER 00000nam a2200000 4500
001 c033506
005 20221215070433.7
041 0 |a slo 
044 |a SK 
245 1 0 |a Dynamika slovnej zásoby súčasnej slovenčiny  |c Ján Horecký a kol., Klára Buzássyová, Ján Bosák 
250 |a 1. vyd. 
264 1 |a Bratislava  |b Veda  |c 1989 
300 |a 429 s. 
610 2 0 |a jazykoveda 
100 1 |a Horecký, Ján 
700 1 |a Buzássyová, Klára 
700 1 |a Bosák, Ján